000
00308nam a22001337a 4500
008
170829b xxu||||| |||| 00| 0 eng d
020
_a
9780073302713
041
_a
eng
080
_2
5TH
_a
070
100
_a
39
101
_a
MED
245
_a
INTRODUCTION TO MASS COMMUNICATION
_c
BARAN,S.J
942
_2
udc
_c
BK
999
_c
25283
_d
25283